[Event "Ann Arbor (MI Women/4/1)"]
[Site "?"]
[Date "1995.??.??"]
[Round "?"]
[White "Stinson, Darlene"]
[Black "Skidmore, Jennifer"]
[Result "0-1"]
[WhiteElo "1605"]
[BlackElo "1945"]
[PlyCount "88"]
[EventDate "1995.??.??"]

{4/(1)} 1. e4 e5 2. Nf3 d6 3. c3 Bg4 4. d4 exd4 5. cxd4 Nf6 6. Bg5 Be7 7. Nc3
Nbd7 8. Be2 O-O 9. O-O h6 10. Bd2 c6 11. h3 Bh5 12. Kh1 Re8 13. Rg1 Bf8 14. g4
Bg6 15. g5 Nxe4 16. Nxe4 Bxe4 17. gxh6 g6 18. Kh2 d5 19. Ng5 Qc7+ 20. f4 Bxh6
21. h4 Bxg5 22. Rxg5 Kg7 23. h5 Rh8 24. Kg1 Nf6 25. hxg6 Rh1+ 26. Kf2 Rxd1 27.
gxf7+ Kxf7 28. Rxd1 Rh8 29. Rdg1 Qd6 30. Rg7+ Kf8 31. a3 Ke8 32. R1g5 Kd8 33.
Re5 Nd7 34. f5 Nxe5 35. Bg5+ Kc8 36. dxe5 Qxe5 37. f6 Rh2+ 38. Ke3 Bf5+ 39. Kd2
Rxe2+ 40. Kd1 Re1+ 41. Kd2 Qe2+ 42. Kc3 Qd3+ 43. Kb4 Qc4+ 44. Ka5 Qb5# 0-1

[Event "Ann Arbor (MI Women/3/2)"]
[Site "?"]
[Date "1995.??.??"]
[Round "?"]
[White "Stinson, Darlene"]
[Black "Post, L."]
[Result "1-0"]
[WhiteElo "1605"]
[BlackElo "1605"]
[PlyCount "43"]
[EventDate "1995.??.??"]

{3/(2)} 1. e4 d5 2. e5 d4 3. h3 c5 4. Bc4 Nc6 5. Nf3 e6 6. O-O a6 7. a3 b5 8.
Ba2 c4 9. d3 c3 10. bxc3 dxc3 11. Nxc3 Bc5 12. Rb1 Nge7 13. Ne4 Qb6 14. Qd2 O-O
15. Qg5 h6 16. Qg3 Nf5 17. Qg4 Ncd4 18. Nf6+ Kh8 19. Nxd4 Nxd4 20. Bxh6 gxh6
21. Qe4 Ne2+ 22. Kh2 1-0

[Event "East Lansing (MI Op/6/19)"]
[Site "?"]
[Date "1995.??.??"]
[Round "?"]
[White "Steverson, Bunnard"]
[Black "Vandivier, Don"]
[Result "1/2-1/2"]
[WhiteElo "1830"]
[BlackElo "1940"]
[PlyCount "70"]
[EventDate "1995.??.??"]

{6/(19)} 1. d4 Nf6 2. Nf3 g6 3. Nbd2 d5 4. e3 Bg7 5. Bd3 O-O 6. O-O Nbd7 7. e4
dxe4 8. Nxe4 Nxe4 9. Bxe4 c5 10. Be3 Nf6 11. Bd3 Ng4 12. c3 Nxe3 13. fxe3 Qb6
14. Qe2 Bg4 15. Bc4 e6 16. h3 Bxf3 17. Rxf3 cxd4 18. exd4 e5 19. Raf1 exd4 20.
cxd4 Qxd4+ 21. Kh1 Qxb2 22. Qe7 Rac8 23. Rxf7 Rxf7 24. Rxf7 Kh8 25. Bf1 a6 26.
Qe4 b5 27. Qb7 Rf8 28. Rxf8+ Bxf8 29. Qxa6 Qf2 30. Bxb5 Bc5 31. Qc8+ Kg7 32.
Qd7+ Kh6 33. Qd1 Be3 34. a4 Bb6 35. Qf1 Qe3 1/2-1/2

[Event "East Lansing (MI Op/3/26)"]
[Site "?"]
[Date "1995.??.??"]
[Round "?"]
[White "Steverson, Bunnard"]
[Black "Van Loon, C."]
[Result "0-1"]
[WhiteElo "1830"]
[BlackElo "1925"]
[PlyCount "156"]
[EventDate "1995.??.??"]

{3/(26)} 1. d4 Nf6 2. Nf3 e6 3. e3 Bb4+ 4. c3 Be7 5. Bd3 d5 6. Nbd2 Nbd7 7. O-O
O-O 8. Re1 c5 9. Qe2 Re8 10. e4 dxe4 11. Nxe4 Nxe4 12. Qxe4 Nf6 13. Qe2 h6 14.
Bf4 Bd6 15. Be3 Qc7 16. g3 b6 17. Bb5 Bd7 18. Bxd7 Nxd7 19. dxc5 Bxc5 20. Rad1
Bxe3 21. Qxe3 Rad8 22. Rd2 Nf6 23. Red1 Rxd2 24. Qxd2 Kf8 25. Nd4 a6 26. Qd3
Qd6 27. Rd2 b5 28. Nb3 Qxd3 29. Rxd3 Ke7 30. f3 Rc8 31. Kf2 Nd5 32. a3 Nb6 33.
Rd2 Nc4 34. Re2 g6 35. Rc2 Rc6 36. Nd2 Rd6 37. Nxc4 bxc4 38. Ke2 e5 39. Rd2 f5
40. b4 cxb3 41. Rb2 Rb6 42. Kd3 Kd6 43. Kc4 Rc6+ 44. Kb4 e4 45. Rd2+ Ke5 46.
f4+ Ke6 47. Kxb3 Rd6 48. Re2 Rd3 49. Kc4 Kd6 50. a4 g5 51. Rb2 Kc7 52. a5 g4
53. Rb6 Rd6 54. Rb2 h5 55. Re2 Rc6+ 56. Kd4 Kd6 57. Rb2 Ke6 58. Re2 Rd6+ 59.
Kc4 Rd5 60. Kb4 Rb5+ 61. Ka4 Kd5 62. Rd2+ Kc5 63. Rd1 Kc4 64. Rd6 Kxc3 65. Rxa6
Rb2 66. Rf6 Rb4+ 67. Ka3 Rb5 68. Ka4 Rd5 69. a6 e3 70. Rc6+ Kd2 71. a7 Rd8 72.
Rd6+ Rxd6 73. a8=Q Rd4+ 74. Kb3 e2 75. Qa5+ Ke3 76. Qe5+ Re4 77. Qc5+ Kf3 78.
Qxf5 e1=Q 0-1

[Event "East Lansing (Class A/3/4)"]
[Site "?"]
[Date "1995.??.??"]
[Round "?"]
[White "Steverson, Bunnard"]
[Black "Triplett, Thomas"]
[Result "0-1"]
[WhiteElo "1885"]
[BlackElo "1930"]
[PlyCount "56"]
[EventDate "1995.??.??"]

{3/(4)} 1. d4 Nf6 2. Nf3 g6 3. Nbd2 d5 4. e3 Bg7 5. Bd3 O-O 6. O-O Nbd7 7. Re1
c5 8. c3 b6 9. e4 dxe4 10. Nxe4 Bb7 11. Nxf6+ exf6 12. Bf4 cxd4 13. Nxd4 Nc5
14. Bc2 Re8 15. Qd2 Qd5 16. f3 Rxe1+ 17. Qxe1 Rc8 18. b4 Na6 19. Qe7 f5 20. Bb3
Bxd4+ 21. Kf1 Qb5+ 22. c4 Qe8 23. Qxb7 Bxa1 24. Qxa6 Bc3 25. Bg3 Bxb4 26. Qxa7
Qe3 27. Qd7 Re8 28. c5 Qe2+ 0-1

[Event "East Lansing (MI Op/2/30)"]
[Site "?"]
[Date "1995.??.??"]
[Round "?"]
[White "Steverson, Bunnard"]
[Black "Lehotzky, Attila"]
[Result "1-0"]
[WhiteElo "1830"]
[BlackElo "1930"]
[PlyCount "105"]
[EventDate "1995.??.??"]

{2/(30)} 1. d4 Nf6 2. Nf3 d6 3. e3 g6 4. Bd3 Bg7 5. Nbd2 Nbd7 6. c3 c5 7. O-O
b6 8. e4 cxd4 9. cxd4 Bb7 10. Re1 O-O 11. Nf1 d5 12. e5 Ne4 13. Bxe4 dxe4 14.
Ng5 h6 15. Nh3 e6 16. Be3 Rc8 17. Qd2 Kh7 18. Rac1 Rxc1 19. Rxc1 Qb8 20. Nf4
Rc8 21. Ne2 Rxc1 22. Qxc1 Qc8 23. Qxc8 Bxc8 24. Nc3 Bb7 25. Nb5 Bd5 26. a3 a5
27. Ng3 f5 28. exf6 Nxf6 29. Nc3 h5 30. h3 Kg8 31. Kf1 Kf7 32. Ke2 h4 33. Nf1
Bc4+ 34. Ke1 Bd3 35. Nd2 b5 36. f3 exf3 37. Nxf3 b4 38. axb4 axb4 39. Ne5+ Ke8
40. Nxd3 bxc3 41. bxc3 Ne4 42. Bd2 Kd7 43. Ke2 Kd6 44. Be1 g5 45. Ke3 Nf6 46.
c4 Nd7 47. Bb4+ Kc6 48. Nc5 Nxc5 49. Bxc5 e5 50. Ke4 Bh8 51. Be7 exd4 52. Bxg5
Kc5 53. Kd3 1-0

[Event "East Lansing (Class A/2/3)"]
[Site "?"]
[Date "1995.??.??"]
[Round "?"]
[White "Steverson, Bunnard"]
[Black "June, Brian"]
[Result "0-1"]
[WhiteElo "1885"]
[BlackElo "1800"]
[PlyCount "80"]
[EventDate "1995.??.??"]

{2/(3)} 1. d4 Nf6 2. Nf3 c5 3. e3 g6 4. Bd3 Bg7 5. Nbd2 b6 6. O-O d5 7. c3 O-O
8. Re1 Nc6 9. Qe2 Bb7 10. dxc5 bxc5 11. e4 d4 12. Nb3 Nd7 13. Bd2 e5 14. Rac1
Rc8 15. Bc4 Kh8 16. Ng5 Qe7 17. Nh3 Nb6 18. Bb5 Kg8 19. Bg5 f6 20. Bd2 Rfd8 21.
f3 Qd6 22. Nf2 Kh8 23. Rc2 c4 24. Nc1 d3 25. Ncxd3 cxd3 26. Bxd3 Nb4 27. cxb4
Rxc2 28. Bxc2 Qxd2 29. Qxd2 Rxd2 30. Rc1 Bh6 31. Ng4 Rxg2+ 32. Kxg2 Bxc1 33.
Nxf6 Bxb2 34. Bb3 Ba6 35. a4 Bc4 36. Bc2 Kg7 37. Ne8+ Kf7 38. Nc7 Ba3 39. a5
Nc8 40. b5 Bd6 0-1

[Event "East Lansing (MI Op/5/21)"]
[Site "?"]
[Date "1995.??.??"]
[Round "?"]
[White "Steverson, Bunnard"]
[Black "Garrison, Ray"]
[Result "1/2-1/2"]
[WhiteElo "1830"]
[BlackElo "1945"]
[PlyCount "169"]
[EventDate "1995.??.??"]

{5/(21)} 1. d4 c5 2. e3 cxd4 3. exd4 d5 4. Bd3 Nc6 5. c3 Nf6 6. Bg5 Qb6 7. Qe2
Bg4 8. f3 Bh5 9. Nh3 Bg6 10. Nf4 Bxd3 11. Nxd3 e6 12. O-O Bd6 13. Nd2 Qc7 14.
f4 O-O 15. Ne5 Ne8 16. Bh4 Na5 17. Rab1 a6 18. Bg3 g6 19. Qg4 Ng7 20. Qe2 b5
21. Bh4 b4 22. Rf3 Rfc8 23. Rbf1 Qa7 24. Kh1 Rc7 25. Ng4 Nf5 26. Bf6 bxc3 27.
bxc3 Rac8 28. Be5 Bxe5 29. Qxe5 Nc6 30. Qf6 Rb7 31. Nb3 Rb6 32. Qg5 Qe7 33.
Nf6+ Kg7 34. Rh3 h6 35. Nh5+ Kh7 36. Qxe7 Ncxe7 37. Nf6+ Kg7 38. Nd7 Rb5 39.
Nbc5 Rb2 40. g4 Nd6 41. a4 Rc7 42. Re3 Nb7 43. Rfe1 Rf2 44. Rxe6 Rxd7 45. Rxe7
Nxc5 46. dxc5 Rxe7 47. Rxe7 Rxf4 48. Rd7 Rxa4 49. Rxd5 Rxg4 50. Rd6 a5 51. Ra6
a4 52. c6 Rc4 53. Kg2 Rxc3 54. Rxa4 Rxc6 55. Rf4 f5 56. Rf2 Kf6 57. Ra2 g5 58.
h3 h5 59. Ra8 f4 60. Rf8+ Kg7 61. Rf5 Kg6 62. Rf8 Rf6 63. Rg8+ Kf5 64. Rh8 h4
65. Kf3 Rf7 66. Rd8 Re7 67. Rf8+ Kg6 68. Kg4 Re3 69. Rg8+ Kf6 70. Rg6+ Ke5 71.
Rxg5+ Ke4 72. Kxh4 Re2 73. Ra5 f3 74. Ra4+ Ke3 75. Ra3+ Kf2 76. Kg4 Re4+ 77.
Kg5 Kg2 78. h4 f2 79. Ra2 Kg1 80. Rxf2 Kxf2 81. h5 Kf3 82. h6 Re8 83. Kg6 Kf4
84. h7 Ke5 85. Kg7 1/2-1/2

[Event "Troy (TCC Res/2/13)"]
[Site "?"]
[Date "1995.??.??"]
[Round "?"]
[White "Stemmler, Daniel"]
[Black "Wrobel, D."]
[Result "1-0"]
[WhiteElo "1690"]
[BlackElo "1605"]
[PlyCount "67"]
[EventDate "1995.??.??"]

{2/(13)} 1. e4 e5 2. c3 d5 3. exd5 f5 4. c4 Nd7 5. d4 exd4 6. Qxd4 Bb4+ 7. Nc3
Qe7+ 8. Nge2 Bd6 9. g3 c6 10. Bg2 c5 11. Qd1 a6 12. O-O b5 13. cxb5 Rb8 14.
bxa6 Bxa6 15. Re1 Kf7 16. Nf4 Ne5 17. Qh5+ g6 18. Qd1 Nf6 19. b3 Rhe8 20. Ne6
Kg8 21. Bg5 Qf7 22. h3 Bc8 23. Bxf6 Qxf6 24. Qc2 Bxe6 25. dxe6 Qxe6 26. Bd5
Qxd5 27. Nxd5 Nf3+ 28. Kf1 Rxe1+ 29. Rxe1 Nxe1 30. Kxe1 Kg7 31. Kf1 Be5 32.
Qxc5 Kh6 33. Qe3+ f4 34. Qxe5 1-0

[Event "Troy (TCC Res/4/9)"]
[Site "?"]
[Date "1995.??.??"]
[Round "?"]
[White "Stemmler, Daniel"]
[Black "Rosebrook, G."]
[Result "1-0"]
[WhiteElo "1690"]
[BlackElo "1605"]
[PlyCount "53"]
[EventDate "1995.??.??"]

{4/(9)} 1. c4 Nf6 2. d4 e6 3. Nc3 Bb4 4. Bg5 Nc6 5. Nf3 Bxc3+ 6. bxc3 O-O 7.
Qc2 b6 8. e4 h6 9. Bd2 d6 10. Bd3 Re8 11. O-O-O e5 12. d5 Na5 13. h3 Nb7 14. g4
Nc5 15. g5 Bd7 16. gxf6 Ba4 17. Qb1 Qxf6 18. Be2 Rab8 19. Rdg1 b5 20. cxb5 Qxf3
21. Bxf3 Rxb5 22. Qxb5 Bxb5 23. Bxh6 Nd3+ 24. Kd2 g6 25. Be2 Nxf2 26. Bxb5
Nxe4+ 27. Ke3 1-0

[Event "Eastpointe (MCO/2/25)"]
[Site "?"]
[Date "1995.??.??"]
[Round "?"]
[White "Stemmler, Daniel"]
[Black "Keeley, G."]
[Result "0-1"]
[WhiteElo "1675"]
[BlackElo "1605"]
[PlyCount "57"]
[EventDate "1995.??.??"]

{2/(25)} 1. Nf3 Nc6 2. g3 d5 3. Bg2 e5 4. d3 Bc5 5. O-O Bf5 6. Bg5 f6 7. Bd2 g5
8. Re1 Qd7 9. e4 Be6 10. exd5 Bxd5 11. Nc3 Be6 12. Ne4 Bb6 13. Nexg5 fxg5 14.
Nxg5 O-O-O 15. Bxc6 Qxc6 16. Rxe5 Re8 17. Bc3 Nf6 18. Nxe6 Rxe6 19. Rf5 Rhe8
20. Bxf6 Rxf6 21. Rxf6 Qxf6 22. Qg4+ Kb8 23. Rb1 Rf8 24. Qb4 Bxf2+ 25. Kg2 Qf3+
26. Kh3 Rf5 27. Qg4 Rh5+ 28. Qxh5 Qxh5+ 29. Kg2 0-1

[Event "East Lansing (MI Op/6/15)"]
[Site "?"]
[Date "1995.??.??"]
[Round "?"]
[White "Steele, G."]
[Black "Lubben, Don"]
[Result "1-0"]
[WhiteElo "2015"]
[BlackElo "1855"]
[PlyCount "53"]
[EventDate "1995.??.??"]

{6/(15)} 1. d4 e6 2. g3 d5 3. c4 dxc4 4. Qa4+ Bd7 5. Qxc4 Bc6 6. Nf3 Bxf3 7.
exf3 c6 8. Nc3 Nf6 9. Bh3 Nbd7 10. O-O Nb6 11. Qe2 Qd7 12. f4 O-O-O 13. f5 exf5
14. Bg5 Re8 15. Qf3 Ng4 16. d5 Nxd5 17. Rfd1 Ne5 18. Qg2 f6 19. Nxd5 cxd5 20.
Rxd5 Qc6 21. Bxf5+ Kb8 22. Rc1 Qb6 23. Be3 Qxb2 24. Rb1 Qc2 25. Rd8+ Kc7 26.
Rxb7+ Kxd8 27. Qd5+ 1-0

[Event "East Lansing (MI Op/2/7)"]
[Site "?"]
[Date "1995.??.??"]
[Round "?"]
[White "Steele, G."]
[Black "Hahn, David"]
[Result "1/2-1/2"]
[WhiteElo "2015"]
[BlackElo "2215"]
[PlyCount "31"]
[EventDate "1995.??.??"]

{2/(7)} 1. d4 d6 2. e4 Nf6 3. Nc3 g6 4. Bg5 c6 5. f4 Qb6 6. a3 Bg7 7. Qd2 Qxb2
8. Rd1 Qxa3 9. h3 a5 10. Nf3 Qb4 11. Bxf6 Bxf6 12. Rb1 Qa3 13. Rb3 Qa1+ 14. Rb1
Qa3 15. Rb3 Qa1+ 16. Rb1 1/2-1/2

[Event "East Lansing (MI Op/4/21)"]
[Site "?"]
[Date "1995.??.??"]
[Round "?"]
[White "Steele, G."]
[Black "Davis, Michael"]
[Result "1-0"]
[WhiteElo "2015"]
[BlackElo "1665"]
[PlyCount "95"]
[EventDate "1995.??.??"]

{4/(21)} 1. d4 Nf6 2. c4 e6 3. Nf3 b6 4. g3 c5 5. d5 exd5 6. cxd5 d6 7. Nc3 g6
8. Bg2 Bg7 9. O-O O-O 10. Nd2 Re8 11. Nc4 Ba6 12. Qb3 Bxc4 13. Qxc4 Nbd7 14. a4
Ne5 15. Qb3 a6 16. Bd2 Qc7 17. f4 Neg4 18. e4 Nd7 19. e5 Ndxe5 20. fxe5 Bxe5
21. Ne4 Bd4+ 22. Kh1 Rxe4 23. Bxe4 Nf2+ 24. Rxf2 Bxf2 25. Qf3 Bd4 26. Bc3 Bxc3
27. bxc3 Qe7 28. Rb1 Rb8 29. Bd3 a5 30. Bb5 Kg7 31. Bc6 Qf6 32. Qxf6+ Kxf6 33.
Re1 g5 34. Kg2 h5 35. Kf3 Rh8 36. Rb1 Rb8 37. Ke4 Kg6 38. Kd3 f5 39. Re1 Kf7
40. Re6 Rd8 41. Kc4 f4 42. gxf4 gxf4 43. Kd3 f3 44. Ke3 h4 45. Kxf3 h3 46. Kg4
Rg8+ 47. Kxh3 Rg6 48. Be8+ 1-0

[Event "East Lansing (MOR/3/22)"]
[Site "?"]
[Date "1995.??.??"]
[Round "?"]
[White "Stark, Jay"]
[Black "Tucker, Eric"]
[Result "1-0"]
[WhiteElo "1610"]
[BlackElo "1605"]
[PlyCount "103"]
[EventDate "1995.??.??"]

{3/(22)} 1. e4 g6 2. d4 Bg7 3. Nc3 d6 4. f4 e6 5. Nf3 Bd7 6. Bc4 Qe7 7. O-O Nf6
8. e5 dxe5 9. fxe5 Ng8 10. Bg5 f6 11. exf6 Bxf6 12. Bxf6 Nxf6 13. Ng5 O-O 14.
Nxe6 Bxe6 15. Re1 Kg7 16. Bxe6 Qd6 17. Bb3 Nc6 18. Nb5 Qf4 19. g3 Qf5 20. Nxc7
Rae8 21. Nxe8+ Nxe8 22. Re2 Nd6 23. c3 h5 24. Bc2 Qg4 25. Qe1 Nf5 26. Bxf5 Rxf5
27. Re4 Qg5 28. Qe3 Qxe3+ 29. Rxe3 Kf6 30. Rf1 Ne7 31. Rxf5+ gxf5 32. Kf2 b5
33. Kf3 Nd5 34. Re5 Ne7 35. Rxb5 h4 36. gxh4 Ng6 37. h5 Nh4+ 38. Kg3 Kg5 39. h6
Ng6 40. h7 Kh6 41. Rxf5 Kxh7 42. d5 Kg7 43. d6 Nf8 44. Rxf8 Kxf8 45. Kf4 Ke8
46. Ke5 Kd7 47. h4 a5 48. h5 a4 49. h6 a3 50. b3 Kc8 51. h7 Kd7 52. h8=Q 1-0

[Event "East Lansing (MOR/1b/15)"]
[Site "?"]
[Date "1995.??.??"]
[Round "?"]
[White "Stark, Jay"]
[Black "Roberts, Andy"]
[Result "0-1"]
[WhiteElo "1610"]
[BlackElo "1605"]
[PlyCount "34"]
[EventDate "1995.??.??"]

1. e4 e5 2. Bc4 Nc6 3. Nc3 Bc5 4. d3 Nf6 5. f4 exf4 6. Bxf4 d6 7. h3 O-O 8. Nf3
h6 9. Qd2 Re8 10. O-O-O Bd7 11. Nd5 Be6 12. Ne3 Bxc4 13. Nxc4 Qd7 14. g4 Qe6
15. b3 d5 16. exd5 Nxd5 17. Rde1 Qf6 0-1

[Event "Lansing (Mini-Swiss.2/1)"]
[Site "?"]
[Date "1995.??.??"]
[Round "?"]
[White "Stark, Jay"]
[Black "Anderson, Gale"]
[Result "1/2-1/2"]
[WhiteElo "1605"]
[BlackElo "1750"]
[PlyCount "61"]
[EventDate "1995.??.??"]

{2/(1)} 1. e4 e6 2. d4 d5 3. Bd3 Nc6 4. c3 Nf6 5. exd5 Qxd5 6. Nf3 Be7 7. O-O
O-O 8. Nbd2 b5 9. Re1 Bb7 10. Nf1 a6 11. Ne3 Qd7 12. Ne5 Qd8 13. f4 b4 14. Bc2
g6 15. g4 bxc3 16. bxc3 Nd5 17. Nxd5 exd5 18. f5 Bh4 19. Re3 Na5 20. Rh3 Nc4
21. Nf3 Be7 22. g5 Bc8 23. Rh6 Bxf5 24. Bxf5 gxf5 25. Qf1 f6 26. Qh3 Rf7 27. g6
Rg7 28. Qxf5 Rxg6+ 29. Rxg6+ hxg6 30. Qxg6+ Kh8 31. Qh6+ 1/2-1/2

[Event "East Lansing (MOR/5/24)"]
[Site "?"]
[Date "1995.??.??"]
[Round "?"]
[White "Stark, Jay"]
[Black "Aldrich, Justin"]
[Result "1-0"]
[WhiteElo "1610"]
[BlackElo "1605"]
[PlyCount "157"]
[EventDate "1995.??.??"]

{5/(24)} 1. e4 e5 2. Bc4 Bc5 3. d3 Nc6 4. f4 Bxg1 5. Rxg1 Qh4+ 6. Kf1 Nf6 7.
Rh1 Ng4 8. Qd2 Nd4 9. h3 d6 10. c3 Ne3+ 11. Qxe3 Nc2 12. Qf2 Qxf2+ 13. Kxf2
exf4 14. Bxf4 Nxa1 15. Na3 Be6 16. Bxe6 fxe6 17. Rxa1 O-O 18. Ke3 Rf7 19. Rf1
e5 20. Nb5 exf4+ 21. Kf3 c6 22. Nxd6 Rd7 23. e5 a5 24. Rf2 a4 25. Re2 g5 26.
Re4 Kf8 27. d4 Ra5 28. c4 Ke7 29. Re2 Ra8 30. Kg4 Rg8 31. Rf2 Ke6 32. Re2 h5+
33. Kf3 g4+ 34. Kxf4 gxh3 35. gxh3 Rg1 36. Rh2 Ra1 37. a3 Rg7 38. Ke4 Re1+ 39.
Kf3 Rd1 40. Ke4 Rg3 41. Nxb7 Re1+ 42. Kf4 Ree3 43. Nc5+ Kf7 44. h4 Rgf3+ 45.
Kg5 Re1 46. Rg2 Rd1 47. Nxa4 Rxd4 48. Kxh5 Rd8 49. Kg4 Rf1 50. Re2 Rg8+ 51. Kh3
Rf5 52. Nc5 Rf3+ 53. Kh2 Rg4 54. Ne4 Rxh4+ 55. Kg2 Rff4 56. Nd6+ Ke6 57. b4
Rfg4+ 58. Kf3 Rd4 59. Kg3 Rhg4+ 60. Kh3 Rg1 61. Re3 Rgd1 62. Nb7 Rxc4 63. Nc5+
Ke7 64. e6 Rdc1 65. Ne4 Rh1+ 66. Kg2 Rb1 67. Nc5 Rc2+ 68. Kf3 Rf1+ 69. Ke4 Ra1
70. Rd3 Re2+ 71. Kf3 Re5 72. Rd7+ Ke8 73. Ra7 Rf1+ 74. Kg2 Rf6 75. Ra8+ Ke7 76.
Ra7+ Kd8 77. Ra8+ Kc7 78. Ra7+ Kb6 79. Rb7# 1-0

[Event "Lansing (Mini-Swiss.3/3)"]
[Site "?"]
[Date "1995.??.??"]
[Round "?"]
[White "Stark, A."]
[Black "Stadler, J."]
[Result "0-1"]
[WhiteElo "1605"]
[BlackElo "1605"]
[PlyCount "72"]
[EventDate "1995.??.??"]

{3/(3)} 1. e4 c6 2. d4 d5 3. f3 Nf6 4. Nd2 dxe4 5. fxe4 Qa5 6. Bd3 Bg4 7. Ngf3
e6 8. c3 Be7 9. b4 Qc7 10. h3 Bh5 11. g4 Bg6 12. Nh4 Qg3+ 13. Kf1 Qxh4 14. Qe1
Qxe1+ 15. Kxe1 h6 16. Nf3 O-O 17. g5 Nxe4 18. h4 h5 19. Ke2 Ng3+ 20. Kf2 Nxh1+
21. Kg2 Bxd3 22. Kxh1 f6 23. Ne1 Be4+ 24. Kg1 fxg5 25. Bxg5 Bxg5 26. hxg5 Rf5
27. g6 Rg5+ 28. Kf2 Bxg6 29. Nf3 Rf5 30. Ke3 Nd7 31. c4 Re8 32. d5 exd5+ 33.
Kd4 dxc4 34. Nh4 Rf4+ 35. Kc3 Re3+ 36. Kb2 Rf2+ 0-1

[Event "Lansing (Mini-Swiss.3/2)"]
[Site "?"]
[Date "1995.??.??"]
[Round "?"]
[White "Stark, A."]
[Black "Jackson, Don"]
[Result "0-1"]
[WhiteElo "1605"]
[BlackElo "1605"]
[PlyCount "36"]
[EventDate "1995.??.??"]

{3/(2)} 1. e4 g5 2. d4 h6 3. Bc4 Bg7 4. c3 Nc6 5. Be3 d6 6. Ne2 Nf6 7. f3 a6 8.
g3 e5 9. h4 g4 10. Nd2 gxf3 11. Nxf3 Nxe4 12. Bd3 Nf6 13. a3 e4 14. Bxe4 Nxe4
15. Rg1 Qf6 16. Rf1 Bh3 17. Rh1 Qxf3 18. Rxh3 Qxe3 {0-1, ??.} 0-1

[Event "Lansing (Mini-Swiss.3/1)"]
[Site "?"]
[Date "1995.??.??"]
[Round "?"]
[White "Stadler, J."]
[Black "Gutierrez, J."]
[Result "1/2-1/2"]
[WhiteElo "1605"]
[BlackElo "1605"]
[PlyCount "67"]
[EventDate "1995.??.??"]

{3/(1)} 1. d4 d5 2. c4 Nf6 3. Nc3 c6 4. Nf3 e6 5. Bg5 Be7 6. e3 Qa5 7. Bd3 h6
8. Bh4 Nbd7 9. O-O a6 10. Qc2 b5 11. cxd5 cxd5 12. e4 dxe4 13. Nxe4 Bb7 14. Qe2
Qb4 15. Rac1 Nxe4 16. Bxe7 Qxe7 17. Bxe4 Bxe4 18. Qxe4 O-O 19. Rfd1 Nf6 20. Qd3
Qd6 21. Ne5 Nd5 22. g3 Nb4 23. Qe4 f5 24. Qf3 Rac8 25. Rxc8 Rxc8 26. a3 Nc6 27.
Nxc6 Rxc6 28. d5 exd5 29. Qxd5+ Qxd5 30. Rxd5 g6 31. Rd8+ Kf7 32. Kf1 Ke6 33.
Ke2 Rc2+ 34. Rd2 1/2-1/2

[Event "Lansing (Mini-Swiss.3/3)"]
[Site "?"]
[Date "1995.??.??"]
[Round "?"]
[White "Stadler, J."]
[Black "Evans Sr., Thomas"]
[Result "0-1"]
[WhiteElo "1605"]
[BlackElo "1605"]
[PlyCount "72"]
[EventDate "1995.??.??"]

{3/(3)} 1. d4 d5 2. Nf3 Nc6 3. c3 Nf6 4. Bg5 h6 5. Bxf6 exf6 6. e3 Bd6 7. Bd3
Bg4 8. O-O Qd7 9. Nbd2 O-O-O 10. h3 Bxh3 11. Re1 Qg4 12. Kf1 Qxg2+ 13. Ke2 Bg4
14. Rg1 Qh3 15. Rh1 Bh2 16. Ke1 Qg2 17. Bf1 Qxh1 18. Ke2 Bg1 19. Ke1 Ne7 20.
Qc1 Bxf3 21. Nxf3 Qxf3 22. Qd2 Rhe8 23. Qe2 Qxe2+ 24. Bxe2 Nf5 25. Bg4 g6 26.
Kd2 Bxf2 27. Bxf5+ gxf5 28. Rf1 Bxe3+ 29. Kd3 h5 30. Rxf5 h4 31. Rxf6 Bg5 32.
Rxf7 Re3+ 33. Kc2 h3 34. Rh7 Rf8 35. Kd2 Rf2+ 36. Kd1 b6 0-1

[Event "Lansing (Mini-Swiss.3/1)"]
[Site "?"]
[Date "1995.??.??"]
[Round "?"]
[White "Stadler, J."]
[Black "Andreas, L."]
[Result "0-1"]
[WhiteElo "1605"]
[BlackElo "1605"]
[PlyCount "56"]
[EventDate "1995.??.??"]

{3/(1)} 1. d4 c5 2. c3 e6 3. Nf3 d5 4. Bg5 Nf6 5. e3 h6 6. Bh4 Nc6 7. Bd3 c4 8.
Bc2 Be7 9. Nbd2 O-O 10. O-O b5 11. b4 a5 12. a3 axb4 13. cxb4 Nxb4 14. axb4
Rxa1 15. Qxa1 Bxb4 16. Rb1 Bxd2 17. Nxd2 Bd7 18. f3 g5 19. Be1 Qc7 20. Rb4 Qb6
21. Nb1 e5 22. Bc3 e4 23. fxe4 dxe4 24. Nd2 Bc6 25. h3 Nd5 26. Nxc4 Qc7 27. Rb3
Qg3 28. Nd2 Nxe3 0-1

[Event "Grand Rapids (MI Am/1/36)"]
[Site "?"]
[Date "1995.??.??"]
[Round "?"]
[White "Stacey, William"]
[Black "Richter, William"]
[Result "0-1"]
[WhiteElo "1605"]
[BlackElo "1605"]
[PlyCount "72"]
[EventDate "1995.??.??"]

{1/(36)} 1. e4 c5 2. Nf3 Nf6 3. Nc3 e6 4. d3 Nc6 5. Bg5 Be7 6. d4 cxd4 7. Nxd4
a6 8. Be2 O-O 9. O-O Qc7 10. g3 d5 11. exd5 exd5 12. Bf3 Be6 13. Nde2 Rad8 14.
Nf4 d4 15. Nce2 b6 16. Bxf6 Bxf6 17. Qd3 Ne5 18. Qe4 Nxf3+ 19. Qxf3 Qc8 20. a3
Bg4 21. Qb3 Rfe8 22. f3 Be6 23. Qxb6 Bc4 24. Rf2 Bxe2 25. Nxe2 d3 26. Nc3 Bd4
27. Qb3 Bxf2+ 28. Kxf2 Qc5+ 29. Kg2 d2 30. Rd1 Re1 31. Ne4 Qg1+ 32. Kh3 Rxd1
33. Qb7 Qf1+ 34. Kg4 h5+ 35. Kf4 Re1 36. Ng5 Qc4+ 0-1

[Event "East Lansing (MOR/1b/26)"]
[Site "?"]
[Date "1995.??.??"]
[Round "?"]
[White "Stacey, William"]
[Black "Piasecki, Vince"]
[Result "1/2-1/2"]
[WhiteElo "1605"]
[BlackElo "1605"]
[PlyCount "131"]
[EventDate "1995.??.??"]

1. e4 c5 2. Nf3 Nc6 3. d4 cxd4 4. Nxd4 g6 5. Nc3 Bg7 6. Be3 a6 7. Bc4 e6 8. f4
Nge7 9. O-O O-O 10. f5 d5 11. exd5 exd5 12. f6 dxc4 13. Nxc6 Nxc6 14. fxg7 Kxg7
15. Nd5 f6 16. Qd2 Bf5 17. Bh6+ Kg8 18. Bxf8 Qxf8 19. Qc3 Qc5+ 20. Ne3 Re8 21.
Qxc4+ Qxc4 22. Nxc4 Re2 23. c3 Bd3 24. Nd6 Rxb2 25. Rxf6 Rc2 26. Nxb7 Rxc3 27.
Rd1 Nb4 28. Nd8 Bc4 29. Ne6 Bxe6 30. Rxe6 Kg7 31. Rd2 Nd3 32. h3 Rc1+ 33. Kh2
Ne1 34. Rxa6 Kh6 35. Rad6 Rc4 36. R6d4 Rc5 37. a4 Nc2 38. Rd5 Rc4 39. a5 Ne3
40. Kg3 Nf1+ 41. Kf3 Nxd2+ 42. Rxd2 Rc7 43. a6 Kh5 44. Rd5+ Kh4 45. Rb5 Rf7+
46. Ke4 Ra7 47. Rb6 Kg3 48. Kd5 h5 49. Rxg6+ Kh2 50. g4 h4 51. Ke4 Kxh3 52. g5
Kg4 53. Ke3 Kg3 54. Rh6 h3 55. g6 h2 56. Rh5 Re7+ 57. Kd4 Rg7 58. Ke5 Rxg6 59.
a7 Rg8 60. Kf6 Kg2 61. Rg5+ Rxg5 62. a8=Q+ Kg1 63. Qa1+ Kg2 64. Qb2+ Kh3 65.
Kxg5 h1=Q 66. Qc3+ 1/2-1/2

[Event "Grand Rapids (MI Am/5/11)"]
[Site "?"]
[Date "1995.??.??"]
[Round "?"]
[White "Stacey, William"]
[Black "Lubben, Don"]
[Result "0-1"]
[WhiteElo "1605"]
[BlackElo "1830"]
[PlyCount "74"]
[EventDate "1995.??.??"]

{5/(11)} 1. e4 d5 2. f3 e5 3. Ne2 Bc5 4. c3 dxe4 5. fxe4 Nc6 6. d3 Qf6 7. d4
exd4 8. cxd4 Nxd4 9. Be3 Nc2+ 10. Qxc2 Bxe3 11. Ng3 Bb6 12. Nc3 Be6 13. O-O-O
Nh6 14. Bd3 O-O-O 15. Rhf1 Qg5+ 16. Kb1 Ng4 17. Rf3 Nxh2 18. Nf5 Nxf3 19. gxf3
h5 20. Nd5 Bxd5 21. exd5 h4 22. d6 h3 23. dxc7 Bxc7 24. Rc1 Qxc1+ 25. Kxc1 h2
26. Ng3 Rxd3 27. Nh1 Rxf3 28. Qg2 Rf6 29. Kc2 g6 30. Qg4+ Rf5 31. Qd4 Re8 32.
Qg4 Kb8 33. a3 Rf1 34. Qg2 Ree1 35. Qd5 Rxh1 36. Qxf7 a6 37. Kd2 Rhf1 0-1

[Event "Grand Rapids (MI Am/3/33)"]
[Site "?"]
[Date "1995.??.??"]
[Round "?"]
[White "Stacey, William"]
[Black "Juntunen, Michael"]
[Result "1-0"]
[WhiteElo "1605"]
[BlackElo "1605"]
[PlyCount "67"]
[EventDate "1995.??.??"]

{3/(33)} 1. e4 c6 2. d4 d5 3. e5 f6 4. f4 e6 5. Nf3 Nd7 6. Bd3 c5 7. O-O Nh6 8.
c4 dxc4 9. Bxc4 Nb6 10. Bd3 Be7 11. Nbd2 f5 12. Nc4 O-O 13. Ng5 Bxg5 14. fxg5
Ng4 15. h3 Qxd4+ 16. Kh1 Nf2+ 17. Rxf2 Qxf2 18. Be3 Qg3 19. Qd2 Nxc4 20. Bxc4
Qxe5 21. Qf2 b6 22. Re1 f4 23. Qf3 Rb8 24. Bd2 Qd6 25. Bc3 Qe7 26. h4 Rf5 27.
Bd3 Bb7 28. Qg4 Rff8 29. Bxh7+ Kh8 30. Qh5 Bxg2+ 31. Kxg2 f3+ 32. Kf2 Rf5 33.
Bg6+ Kg8 34. Qh7+ 1-0